LEADER 00554nam 2200169z- 450 001 9910693794403321 035 $a(CKB)4970000000030585 035 $a(EXLCZ)994970000000030585 100 $a20240129c2002uuuu -u- - 101 0 $aeng 200 10$aFinancial management : Amtrak's route profitability schedules need improvement 210 $aWashington, DC 517 $aFinancial Management 906 $aDOCUMENT 912 $a9910693794403321 996 $aFinancial management : Amtrak's route profitability schedules need improvement$93876804 997 $aUNINA